000 01033nam a22001937a 4500
999 _c17865
_d17865
003 BDDh-ASL
005 20231015025641.0
008 200914b2009 bg ||||| |||| 00| 0 d
040 _aBDDh-ASL
_cBDDh-ASL
_dBDDh-ASL
041 _abengali
082 _a261.7
_bSHD
100 1 _aশাহনাওয়াজ, এ কে এম
_9709
245 1 _aধর্মীয় সাম্প্রদায়িকতার:
_bরাজেনৈতিক ও অর্থনৈতিক উৎস/
_cএ কে এম শাহনাওয়াজ।
246 _aDharmiya Sampradayikatar Rajnaitik O Arthanaitik Utsa
260 _aঢাকা:
_bইতিহাস একাডেমী,
_c২০০৯।
300 _a৪৪ পৃষ্ঠা:
_c২২ সে. মি.।
650 0 _aধর্মীয় সাম্প্রদায়িকতা, সাম্প্রদায়িকতা, Dharmīẏa sāmpradāẏikatā, sāmpradāẏikatā, Religious sectarianism, ‍ূectarianism
_9710
942 _2ddc
_cBK